| 000 | 00956nam a22003017a 4500 | ||
|---|---|---|---|
| 003 | CHAP | ||
| 005 | 20220329134239.0 | ||
| 008 | 971013s1969 r 00010 d | ||
| 010 | _a17558 | ||
| 011 | _a18530 | ||
| 035 | _a22615 | ||
| 040 | _cCHAP | ||
| 082 |
_a581.38 _bH48 |
||
| 100 | 0 | 0 |
_aHutchinson, John. _957030 |
| 245 | _aEvolution and phylogeny of flowering plants; dicotyledons; facts and theory | ||
| 260 |
_aLondon : _bAcademic Press, _c1969 |
||
| 300 |
_a717 p. _b: ilus. |
||
| 590 |
_aBATCH-UPD _b10 _c20130110 _lUCH01 _h0237 |
||
| 590 |
_aBATCH-UPD _b10 _c20130409 _lUCH01 _h2303 |
||
| 590 |
_aBATCH-UPD _b10 _c20130410 _lUCH01 _h1353 |
||
| 590 |
_aBATCH-UPD _b10 _c20130914 _lUCH01 _h1336 |
||
| 590 |
_aCONVERSION _b10 _c20130109 _lUCH01 _h1311 |
||
| 650 | 1 | 4 |
_aEvolución (Plantas) _939010 |
| 650 | 1 | 4 |
_aFilogenia (Botánica) _940884 |
| 901 | _aBK | ||
| 942 | _cLIBRO | ||
| 949 |
_a581.38 H48 _bBC _cLIBRO _d33724000452868 _eLIBRO _h13831 _i22615 _si |
||
| 999 |
_c17558 _d17558 |
||